Statistics for Every 1,000,000+ East Asian City on a Map

Click here to take the quiz!

General Stats

  • This quiz has been taken 1,146 times
  • The average score is 45 of 154

Answers on the Map

Answers color-coded by a green-red scale on the quiz's map according to % correct below.
 

Answer Stats

PopulationCity% Correct
40,700,000Tokyo
98%
20,500,000Beijing
97%
24,800,000Seoul
97%
39,300,000Shanghai
96%
17,700,000Osaka
95%
9,200,000Taipei
95%
65,100,000Guangzhou
92%
2,925,000Pyongyang
91%
7,400,000Hong Kong
90%
10,800,000Wuhan
87%
1,470,000Ulaanbaatar
85%
11,600,000Xi'an
85%
4,025,000Busan
84%
1,870,000Hiroshima
82%
2,500,000Sapporo
82%
10,500,000Nagoya
80%
11,200,000Tianjin
79%
15,200,000Chengdu
78%
10,100,000Chongqing
76%
3,875,000Ürümqi
76%
14,100,000Xiamen
73%
8,850,000Nanjing
72%
5,300,000Harbin
68%
2,775,000Fukuoka
63%
12,500,000Hangzhou
62%
7,050,000Qingdao
60%
5,050,000Dalian
56%
4,450,000Fuzhou
55%
8,400,000Shenyang
55%
2,750,000Daegu
54%
10,000,000Changsha
51%
7,150,000Hefei
51%
6,000,000Kunming
51%
8,950,000Zhengzhou
51%
4,850,000Nanning
47%
1,510,000Sendai
47%
2,775,000Kaohsiung
46%
5,050,000Wenzhou
46%
7,950,000Shantou
45%
1,230,000Naha
41%
2,475,000Haikou
39%
6,200,000Jinan
38%
6,850,000Ningbo
38%
4,375,000Changchun
36%
2,450,000Taichung
36%
1,540,000Daejeon
35%
1,630,000Gwangju
35%
5,550,000Taiyuan
35%
3,325,000Lanzhou
34%
1,310,000Tainan
34%
1,860,000Huainan
31%
1,570,000Jilin City
31%
5,750,000Shijiazhuang
31%
1,090,000Ulsan
31%
3,725,000Zibo
30%
2,175,000Okayama
29%
4,625,000Guiyang
28%
2,475,000Hohhot
28%
1,990,000Kitakyushu
28%
4,625,000Nanchang
27%
2,350,000Anshan
24%
3,050,000Xuzhou
23%
1,310,000Hamamatsu
21%
3,425,000Luoyang
21%
1,130,000Shizuoka
21%
2,450,000Yantai
21%
1,150,000Kumamoto
20%
2,600,000Tangshan
20%
2,150,000Baotou
19%
1,030,000Qiqihar
18%
1,640,000Guilin
17%
4,125,000Linyi
17%
3,125,000Nantong
17%
1,390,000 | 2,475,000Taizhou
17%
2,975,000Weifang
17%
2,325,000Zhuhai
17%
2,025,000Baoding
16%
2,275,000Liuzhou
16%
1,950,000Xining
16%
1,860,000Datong
15%
1,810,000Anyang
14%
1,030,000Changwon
14%
1,820,000Daqing
14%
1,230,000Kaifeng
14%
1,270,000Luzhou
14%
2,125,000Yangzhou
14%
1,890,000Huai'an
13%
1,340,000Maoming
13%
1,340,000Weihai
13%
1,670,000Wuhu
13%
2,200,000Yinchuan
13%
2,675,000Handan
12%
1,300,000Nanchong
11%
1,620,000Qinhuangdao
11%
1,440,000Tai'an
11%
1,740,000Zhanjiang
11%
1,130,000Cheongju
10%
1,880,000Ganzhou
10%
1,200,000Hengyang
10%
1,580,000Huzhou
10%
1,730,000Jining
10%
2,425,000Xinxiang
10%
1,380,000Zhangjiakou
10%
1,810,000Bengbu
9%
1,110,000Wanzhou
9%
1,140,000Baoji
8%
1,140,000Changde
8%
1,280,000Huaibei
8%
1,160,000Jinzhou
8%
1,620,000Mianyang
8%
1,510,000Nanyang
8%
1,180,000Rizhao
8%
1,730,000Xiangyang
8%
1,320,000Yancheng
8%
2,350,000Yiwu
8%
1,770,000Zunyi
8%
1,080,000Beihai
7%
1,180,000Chifeng
7%
2,925,000Jiangyin
7%
1,090,000Lianyungang
7%
1,130,000Lu'an
7%
1,500,000Xingtai
7%
1,330,000Yichang
7%
1,150,000Yueyang
7%
1,210,000Zhenjiang
7%
1,640,000Cangnan
6%
1,220,000Dazhou
6%
1,250,000Fuyang
6%
1,370,000Heze
6%
1,990,000Jiaxing
6%
1,420,000Jinhua
6%
1,900,000Pingdingshan
6%
1,520,000Puyang
6%
1,240,000Qingyuan
6%
1,070,000Xinyang
6%
1,160,000Yibin
6%
1,480,000Yulin
6%
1,200,000Zhaoqing
6%
1,010,000Huludao
5%
1,530,000Jiaozuo
5%
1,010,000Panjin
5%
1,290,000Xuchang
5%
1,740,000Zaozhuang
5%
1,170,000Changzhi
4%
1,150,000Ezhou
4%
1,110,000Liaocheng
4%
1,020,000Qujing
4%
1,530,000Shangqiu
4%
1,410,000Shangrao
4%
1,080,000Shaoyang
4%
1,260,000Suqian
4%
1,020,000Shiyan
3%
1,040,000Shuyang
3%

Score Distribution

Percentile by Number Answered

Percent of People with Each Score

Your Score History

You have not taken this quiz